| 000 | 00610nam a2200193 i 4500 | ||
|---|---|---|---|
| 001 | 181647 | ||
| 003 | ES-MaACL | ||
| 005 | 20250822063228.0 | ||
| 008 | 130306s1967 sp |||| | cat d | ||
| 080 | _a849.9-821"19" | ||
| 100 | 1 |
_aPla, Josep, _d1897-1981 _9164614 |
|
| 245 | 1 | 3 |
_aEl nord _b: cartes de Lluny ; cartes de mes Lluny ; Viatge a Russia el 1925. |
| 260 |
_aBarcelona : _bDestino, _c1967. |
||
| 300 |
_a639 p. ; _c18 cm. |
||
| 490 | 1 |
_aObra completa de Josep Pla ; _v5 |
|
| 830 | 0 |
_aObra completa de Josep Pla ; _v5 _9191524 |
|
| 852 |
_aES-MaACL _jJ-46(5) |
||
| 999 |
_c181647 _d181647 |
||